Simpson's Famous Quotes - Statistics

General Stats
  • This quiz has been taken 50 times
  • The average score is 13 of 15
Answer Stats
Hint Answer % Correct
D'oh Homer Simpson
97%
Eat my shorts Bart Simpson
94%
Hi-diddly-ho, neighborino! Ned Flanders
94%
Thank you, come again! Apu Nahasapeemapetilon
92%
___'s Tavern, ___ speaking Moe Szyslak
92%
If anyone wants me, I'll be in my room Lisa Simpson
89%
Excellent... Mr. Burns
89%
Hey hey! Krusty the Clown
86%
Ha-ha! Nelson Muntz
86%
Hello, Bart Sideshow Bob
86%
I love you, sir Waylon Smithers
86%
Grease me up, woman Groundskeeper Willie
81%
Worst __ Ever Comic Book Guy
78%
Hmm... Marge Simpson
78%
Skinner!!! Superintendent Chalmers
78%
No matching quizzes found
Score Distribution
Percent of People with Each Score
Percentile by Number Answered
Your Score History
You have not taken this quiz